LEADER 01359nam--2200385---450- 001 990006134010203316 005 20160317111052.0 010 $a978-88-207-6358-9 035 $a000613401 035 $aUSA01000613401 035 $a(ALEPH)000613401USA01 035 $a000613401 100 $a20160317d2013----km-y0itay50------ba 101 0 $aita 102 $aIT 105 $ay|||||||001yy 200 1 $a<> subordinazione gerundiva e participiale in testi siciliani del XIV secolo$fSimona Valente 210 $aNapoli$cLiguori$d2013 215 $aXVIII, 410 p.$d24 cm 225 2 $aDomini$iTeoria e storia delle lingue$v7 300 $aAltra edizione: ISBN 9788820763596 (eBook) 410 0$12001$aDomini$iTeoria e storia delle lingue$v7 540 1 $a<> subordinazione gerundiva e participiale in testi siciliani del 14. secolo 606 0 $aDialetti siciliani$xGerundio [e] Participio passato$zSec. 14.$2BNCF 676 $a457.8 700 1$aVALENTE,$bSimona$0715723 801 0$aIT$bsalbc$gISBD 912 $a990006134010203316 951 $aIV.2. 2681$b10198 L.G.$cIV.2.$d387453 959 $aBK 969 $aUMA 979 $aANNAMARIA$b90$c20160317$lUSA01$h1105 979 $aANNAMARIA$b90$c20160317$lUSA01$h1110 996 $aSubordinazione gerundiva e participiale in testi siciliani del XIV secolo$91385582 997 $aUNISA